[Event "Edinburgh op"]
[Site "Edinburgh"]
[Date "2012.03.31"]
[Round "2"]
[White "Marchand, Francois"]
[Black "Groves, Carey"]
[Result "1/2-1/2"]
[WhiteElo "2237"]
[BlackElo "2027"]
[PlyCount "60"]
[EventDate "2012.03.30"]
[EventType "swiss"]
[EventRounds "5"]
[EventCountry "SCO"]
[SourceTitle "EXT 2014"]
[Source "ChessBase"]
[SourceDate "2013.11.20"]
[SourceVersion "1"]
[SourceVersionDate "2013.11.20"]
[SourceQuality "1"]

1. c4 Nf6 2. Nc3 e5 3. g3 Nc6 4. Bg2 Bc5 5. d3 0-0 6. Nf3 d6 7. 0-0 h6 8. a3 a5 9. Nd5 Bf5 10. Nd2 Bd4 11. Nxf6+ Qxf6 12. Ne4 Qe6 13. e3 Ba7 14. Nc3 Bh3 15. Bd5 Qc8 16. Re1 Ne7 17. Bf3 c6 18. Bd2 Kh8 19. Qb3 Be6 20. Qc2 Bb6 21. Na4 Bc7 22. Rac1 Qd8 23. d4 exd4 24. exd4 Nf5 25. Qd3 Qf6 26. d5 Nd4 27. Be4 Bg4 28. f4 Rfe8 29. Bc3 c5 30. b3 Re7 1/2-1/2

[Event "Gibraltar Masters 8th"]
[Site "Caleta"]
[Date "2010.02.02"]
[Round "8"]
[White "Marchand, Francois"]
[Black "Arakhamia Grant, Ketevan"]
[Result "1/2-1/2"]
[WhiteElo "2244"]
[BlackElo "2470"]
[PlyCount "166"]
[EventDate "2010.01.26"]
[EventType "swiss"]
[EventRounds "10"]
[EventCountry "GGB"]
[SourceTitle "CBM 134 Extra"]
[Source "ChessBase"]
[SourceDate "2010.03.03"]
[SourceVersion "1"]
[SourceVersionDate "2010.03.03"]
[SourceQuality "1"]

1. d4 Nf6 2. c4 g6 3. Nc3 Bg7 4. e4 d6 5. Nf3 0-0 6. Be2 e5 7. 0-0 Nc6 8. d5 Ne7 9. Ne1 Nd7 10. Be3 f5 11. f3 f4 12. Bf2 g5 13. Rc1 a5 14. a3 Ng6 15. b4 Nf6 16. c5 axb4 17. axb4 Bd7 18. b5 dxc5 19. Bxc5 b6 20. Bxf8 Bxf8 21. d6 Bxd6 22. Nd5 Ne8 23. Rc3 Kh8 24. Rf2 Bc5 25. Rxc5 bxc5 26. Qc1 c6 27. bxc6 Bxc6 28. Qxc5 Bxd5 29. exd5 Qa5 30. Qc1 Qxd5 31. Bd3 Qd4 32. Bxg6 hxg6 33. Qc6 Rb8 34. Qxg6 Ng7 35. Kf1 Qc4+ 36. Re2 Rb2 37. Qe4 Qxe4 38. Rxe4 Nf5 39. Rxe5 Ne3+ 40. Kg1 Rb1 41. Kf2 Rb2+ 42. Kg1 Re2 43. Rxg5 Rxe1+ 44. Kf2 Ra1 45. g3 Ra2+ 46. Ke1 Kh7 47. gxf4 Ng2+ 48. Kd1 Nxf4 49. h4 Kh6 50. Rg4 Nd5 51. Rd4 Ne3+ 52. Kc1 Rc2+ 53. Kb1 Rf2 54. Rd3 Nf5 55. Kc1 Nxh4 56. Rd2 Rf1+ 57. Kc2 Kg5 58. Rd5+ Nf5 59. Re5 Kf4 60. Re8 Rxf3 61. Kb2 Rh3 62. Kc2 Nd6 63. Re7 Ne4 64. Re8 Rc3+ 65. Kb2 Rc6 66. Rh8 Ke3 67. Rh3+ Kd4 68. Rh4 Rf6 69. Kb3 Rf2 70. Rg4 Kd5 71. Rg8 Nc5+ 72. Kc3 Rf3+ 73. Kc2 Ne6 74. Kd2 Kd4 75. Rg4+ Nf4 76. Kc2 Kc4 77. Kd2 Kb3 78. Rg8 Rd3+ 79. Ke1 Kc3 80. Rc8+ Kd4 81. Rd8+ Nd5 82. Kf2 Ra3 83. Ke2 Ke4 1/2-1/2

[Event "Gibraltar Masters 8th"]
[Site "Caleta"]
[Date "2010.01.26"]
[Round "1"]
[White "Marchand, Francois"]
[Black "Speelman, Jonathan S"]
[Result "1/2-1/2"]
[WhiteElo "2244"]
[BlackElo "2525"]
[PlyCount "70"]
[EventDate "2010.01.26"]
[EventType "swiss"]
[EventRounds "10"]
[EventCountry "GGB"]
[SourceTitle "CBM 134 Extra"]
[Source "ChessBase"]
[SourceDate "2010.03.03"]
[SourceVersion "1"]
[SourceVersionDate "2010.03.03"]
[SourceQuality "1"]

1. d4 e6 2. c4 b6 3. a3 Bb7 4. Nc3 Nf6 5. d5 Bd6 6. g3 Be5 7. Bg2 Bxc3+ 8. bxc3 d6 9. Nf3 0-0 10. 0-0 Re8 11. Nh4 Qc8 12. Re1 Nbd7 13. e4 Nc5 14. e5 dxe5 15. Rxe5 exd5 16. Rxe8+ Qxe8 17. cxd5 Nce4 18. c4 Nc3 19. Qc2 Ne2+ 20. Kf1 Nxc1 21. Rxc1 Qf8 22. Qc3 Re8 23. Nf5 Bc8 24. Ne3 Nd7 25. Bh3 Nc5 26. Bxc8 Rxc8 27. Nf5 g6 28. Nd4 Re8 29. Re1 a6 30. Nc6 Rxe1+ 31. Qxe1 f6 32. Qe3 Kf7 33. Qf4 Qd6 34. Qxd6 cxd6 35. Ke2 f5 1/2-1/2

[Event "Agneaux St Lo IM"]
[Site "Agneaux"]
[Date "2009.07.11"]
[Round "6"]
[White "Bator, Robert"]
[Black "Marchand, Francois"]
[Result "1-0"]
[WhiteElo "2403"]
[BlackElo "2251"]
[PlyCount "103"]
[EventDate "2009.07.08"]
[EventType "tourn"]
[EventRounds "9"]
[EventCountry "FRA"]
[EventCategory "4"]
[SourceTitle "CBM 131 Extra"]
[Source "ChessBase"]
[SourceDate "2009.09.03"]
[SourceVersion "2"]
[SourceVersionDate "2009.09.16"]
[SourceQuality "1"]

1. d4 d5 2. Nf3 Nf6 3. c4 c6 4. e3 Bf5 5. Nc3 e6 6. Nh4 Bg6 7. Qb3 Qb6 8. Nxg6 hxg6 9. Bd2 Nbd7 10. Be2 dxc4 11. Bxc4 Qxb3 12. Bxb3 Be7 13. f3 0-0 14. g4 c5 15. d5 exd5 16. Nxd5 Nxd5 17. Bxd5 Bf6 18. Rb1 Rab8 19. h4 Nb6 20. Bb3 c4 21. Bc2 Rfe8 22. Ke2 Rbd8 23. g5 Be5 24. h5 gxh5 25. g6 Nd5 26. Be4 fxg6 27. Bxg6 Re6 28. Bf5 Rf6 29. Be4 g6 30. f4 Bc7 31. Rbg1 Kf7 32. Bc1 b5 33. Rg5 Nb4 34. Rxb5 Nd3 35. Bd5+ Kg7 36. Bxc4 Nxc1+ 37. Rxc1 Bb6 38. Re5 Rfd6 39. Kf3 Rd2 40. Rg1 R8d6 41. Re7+ Kh6 42. Bg8 Rd7 43. f5 h4 44. Rxg6+ Kh5 45. Re8 Rd8 46. Bf7 Rxe8 47. Rxb6+ Kg5 48. Rg6+ Kxf5 49. Bxe8 h3 50. Rh6 h2 51. Rh5+ Kf6 52. Ba4 1-0

[Event "Agneaux St Lo IM"]
[Site "Agneaux"]
[Date "2009.07.11"]
[Round "5"]
[White "Marchand, Francois"]
[Black "Song, Julien"]
[Result "1-0"]
[WhiteElo "2251"]
[BlackElo "2319"]
[PlyCount "51"]
[EventDate "2009.07.08"]
[EventType "tourn"]
[EventRounds "9"]
[EventCountry "FRA"]
[EventCategory "4"]
[SourceTitle "CBM 131 Extra"]
[Source "ChessBase"]
[SourceDate "2009.09.03"]
[SourceVersion "2"]
[SourceVersionDate "2009.09.16"]
[SourceQuality "1"]

1. d4 Nf6 2. c4 e6 3. Nc3 Bb4 4. Nf3 b6 5. g3 Bb7 6. Bg2 0-0 7. 0-0 Bxc3 8. bxc3 d6 9. Bg5 h6 10. Bxf6 Qxf6 11. Qd3 e5 12. Ng5 hxg5 13. Bxb7 Nd7 14. Bxa8 Rxa8 15. Qe4 Re8 16. Qc6 Qd8 17. Rfe1 e4 18. a4 a5 19. Rab1 g6 20. Red1 Kg7 21. c5 bxc5 22. Rb7 e3 23. f3 g4 24. Rxc7 gxf3 25. Qxd7 Qf6 26. Qxe8 1-0

[Event "Agneaux St Lo IM"]
[Site "Agneaux"]
[Date "2009.07.09"]
[Round "4"]
[White "Kuipers, Stefan"]
[Black "Marchand, Francois"]
[Result "1-0"]
[WhiteElo "2324"]
[BlackElo "2251"]
[PlyCount "53"]
[EventDate "2009.07.08"]
[EventType "tourn"]
[EventRounds "9"]
[EventCountry "FRA"]
[EventCategory "4"]
[SourceTitle "CBM 131 Extra"]
[Source "ChessBase"]
[SourceDate "2009.09.03"]
[SourceVersion "2"]
[SourceVersionDate "2009.09.16"]
[SourceQuality "1"]

1. e4 c6 2. d4 d5 3. Nd2 dxe4 4. Nxe4 Bf5 5. Ng3 Bg6 6. h4 h6 7. Nf3 Nd7 8. h5 Bh7 9. Bd3 Bxd3 10. Qxd3 e6 11. Bd2 Ngf6 12. 0-0-0 Be7 13. Kb1 0-0 14. Ne4 Nxe4 15. Qxe4 Nf6 16. Qh4 Qd5 17. Rde1 Qf5 18. Ne5 Nd5 19. Qg3 Kh8 20. f4 c5 21. Qb3 cxd4 22. g4 Qh7 23. f5 Nc7 24. Ng6+ fxg6 25. hxg6 Qg8 26. Qh3 exf5 27. Bxh6 1-0

[Event "Agneaux St Lo IM"]
[Site "Agneaux"]
[Date "2009.07.08"]
[Round "1"]
[White "Marchand, Francois"]
[Black "Lagarde, Maxime"]
[Result "1/2-1/2"]
[WhiteElo "2251"]
[BlackElo "2352"]
[PlyCount "36"]
[EventDate "2009.07.08"]
[EventType "tourn"]
[EventRounds "9"]
[EventCountry "FRA"]
[EventCategory "4"]
[SourceTitle "CBM 131 Extra"]
[Source "ChessBase"]
[SourceDate "2009.09.03"]
[SourceVersion "2"]
[SourceVersionDate "2009.09.16"]
[SourceQuality "1"]

1. d4 Nf6 2. c4 g6 3. Nc3 d5 4. Bg5 Ne4 5. Bh4 Nxc3 6. bxc3 dxc4 7. e3 Be6 8. Be2 c6 9. Nf3 Bg7 10. 0-0 b5 11. a4 0-0 12. Ng5 Bd5 13. e4 h6 14. exd5 hxg5 15. axb5 cxb5 16. Bxg5 Bf6 17. Bxf6 exf6 18. Qb1 a6 1/2-1/2

[Event "FRA-chT2 Nord 0708"]
[Site "France"]
[Date "2007.11.25"]
[Round "3.1"]
[White "Deslandes, Pascal"]
[Black "Marchand, Francois"]
[Result "1/2-1/2"]
[WhiteElo "2316"]
[BlackElo "2216"]
[PlyCount "50"]
[EventDate "2007.10.21"]
[EventType "team-tourn"]
[EventRounds "11"]
[EventCountry "FRA"]
[SourceTitle "EXT 2009"]
[Source "ChessBase"]
[SourceDate "2008.11.26"]
[SourceVersion "1"]
[SourceVersionDate "2008.11.26"]
[SourceQuality "1"]
[WhiteTeam "Le Vesinet"]
[BlackTeam "Arcueil"]
[WhiteTeamCountry "FRA"]
[BlackTeamCountry "FRA"]

1. e4 c6 2. d4 d5 3. e5 Bf5 4. Nf3 e6 5. Be2 Nd7 6. 0-0 Bg6 7. Bf4 Ne7 8. Nbd2 Nc8 9. Re1 Be7 10. Nf1 0-0 11. Ng3 c5 12. c3 Ncb6 13. b3 cxd4 14. cxd4 Rc8 15. Qd2 Rc2 16. Qe3 Qc7 17. Bd1 Rc6 18. Qd2 Ba3 19. Nh4 Bc2 20. Bxc2 Rxc2 21. Qd3 Rc8 22. Bd2 Bb2 23. Rad1 Ba3 24. Ra1 Bb2 25. Rad1 Ba3 1/2-1/2

[Event "FRA-chT2 Nord 0708"]
[Site "France"]
[Date "2007.11.24"]
[Round "2.1"]
[White "Marchand, Francois"]
[Black "Carlhammar, Magnus"]
[Result "1/2-1/2"]
[WhiteElo "2216"]
[BlackElo "2349"]
[PlyCount "50"]
[EventDate "2007.10.21"]
[EventType "team-tourn"]
[EventRounds "11"]
[EventCountry "FRA"]
[SourceTitle "EXT 2009"]
[Source "ChessBase"]
[SourceDate "2008.11.26"]
[SourceVersion "1"]
[SourceVersionDate "2008.11.26"]
[SourceQuality "1"]
[WhiteTeam "Arcueil"]
[BlackTeam "Club 608"]
[WhiteTeamCountry "FRA"]
[BlackTeamCountry "FRA"]

1. d4 Nf6 2. c4 g6 3. Nc3 d5 4. cxd5 Nxd5 5. Bd2 Bg7 6. e4 Nb6 7. Be3 0-0 8. Bb5 Be6 9. d5 Bd7 10. Be2 c6 11. Nf3 cxd5 12. exd5 e6 13. dxe6 Bxe6 14. Nd4 Bc4 15. 0-0 Bxe2 16. Qxe2 N8d7 17. Rfd1 Qe7 18. Ncb5 Rfd8 19. a4 Nf6 20. Nxa7 Nfd5 21. Nab5 Nxe3 22. fxe3 Qb4 23. Nc7 Rab8 24. Qb5 Qxb5 25. axb5 Nc4 1/2-1/2

[Event "Nantes op 4th"]
[Site "Nantes"]
[Date "2005.12.28"]
[Round "4"]
[White "Fruteau, Sabine"]
[Black "Marchand, Francois"]
[Result "0-1"]
[WhiteElo "2152"]
[BlackElo "2269"]
[PlyCount "74"]
[EventDate "2005.12.27"]
[EventType "swiss"]
[EventRounds "7"]
[EventCountry "FRA"]
[SourceTitle "CBM 110 Extra"]
[Source "ChessBase"]
[SourceDate "2006.03.10"]
[SourceVersion "2"]
[SourceVersionDate "2006.03.10"]
[SourceQuality "1"]

1. e4 c6 2. d4 d5 3. exd5 cxd5 4. Nf3 Nf6 5. Bd3 Bg4 6. h3 Bh5 7. g4 Bg6 8. Ne5 Bxd3 9. Qxd3 Nc6 10. c3 e6 11. Nd2 Nxe5 12. dxe5 Nd7 13. Nf3 h5 14. Bg5 Qc7 15. 0-0-0 a6 16. Bf4 b5 17. Kb1 Qc4 18. Qxc4 bxc4 19. b4 a5 20. a3 axb4 21. axb4 Ra3 22. Nd4 Rxc3 23. Kb2 Bxb4 24. Bd2 Nc5 25. Bxc3 Na4+ 26. Kc2 Bxc3 27. Nf3 hxg4 28. hxg4 Rxh1 29. Rxh1 d4 30. Rh8+ Kd7 31. Rf8 d3+ 32. Kc1 Bb2+ 33. Kd2 Nc5 34. Rxf7+ Ke8 35. Rc7 c3+ 36. Ke1 Ba3 37. Nd4 c2 0-1

[Event "Bratto op 24th"]
[Site "Bratto"]
[Date "2004.08.23"]
[Round "4"]
[White "Marchand, Francois"]
[Black "Cazzaniga, Walter"]
[Result "1-0"]
[WhiteElo "2267"]
[BlackElo "2081"]
[PlyCount "83"]
[EventDate "2004.08.20"]
[EventType "swiss"]
[EventRounds "9"]
[EventCountry "ITA"]
[SourceTitle "CBM 101 Extra"]
[Source "ChessBase"]
[SourceDate "2004.09.01"]
[SourceVersion "2"]
[SourceVersionDate "2004.09.01"]
[SourceQuality "1"]

1. d4 Nf6 2. c4 g6 3. Nc3 Bg7 4. e4 d6 5. Nf3 0-0 6. Be2 e5 7. 0-0 Nc6 8. d5 Ne7 9. Ne1 Nd7 10. Be3 f5 11. f3 f4 12. Bf2 g5 13. Rc1 Ng6 14. c5 a6 15. cxd6 cxd6 16. Qb3 Rf7 17. Nd3 Bf8 18. Na4 b5 19. Nc3 g4 20. fxg4 Qg5 21. Ne1 Rg7 22. Nf3 Qxg4 23. Nd4 Nc5 24. Bxg4 Nxb3 25. Bxc8 Nxc1 26. Be6+ Kh8 27. Nf5 Nd3 28. Nxg7 Kxg7 29. b3 Nxf2 30. Kxf2 Ra7 31. Rc1 Rc7 32. Ne2 Rxc1 33. Nxc1 Be7 34. b4 Bd8 35. Bc8 a5 36. bxa5 Bxa5 37. Bd7 Bb6+ 38. Ke2 b4 39. Nd3 Bg1 40. Nxb4 Bxh2 41. Kf1 Kf7 42. Nc6 1-0

[Event "Bratto op 24th"]
[Site "Bratto"]
[Date "2004.08.22"]
[Round "3"]
[White "Sanchez, Joseph"]
[Black "Marchand, Francois"]
[Result "1-0"]
[WhiteElo "2453"]
[BlackElo "2267"]
[PlyCount "57"]
[EventDate "2004.08.20"]
[EventType "swiss"]
[EventRounds "9"]
[EventCountry "ITA"]
[SourceTitle "CBM 101 Extra"]
[Source "ChessBase"]
[SourceDate "2004.09.01"]
[SourceVersion "2"]
[SourceVersionDate "2004.09.01"]
[SourceQuality "1"]

1. e4 c6 2. d4 d5 3. f3 e6 4. Nc3 Bb4 5. Qd3 b6 6. Nge2 Ba6 7. Qe3 Nf6 8. Bd2 0-0 9. 0-0-0 Be7 10. g4 b5 11. Ng3 b4 12. Nce2 Bc4 13. Kb1 a5 14. h4 a4 15. g5 Nfd7 16. h5 Qb6 17. Nc1 c5 18. c3 a3 19. b3 cxd4 20. cxd4 Bxg5 21. Qf2 Bxd2 22. Rxd2 Bxf1 23. Rxf1 Nc6 24. exd5 exd5 25. Nf5 g6 26. Rg1 Qd8 27. Rc2 Qf6 28. Nh6+ Kh8 29. Ng4 1-0

[Event "Le Touquet op 17th"]
[Site "Le Touquet"]
[Date "2002.11.02"]
[Round "9"]
[White "Roeder, Matthias"]
[Black "Marchand, Francois"]
[Result "1/2-1/2"]
[WhiteElo "2476"]
[BlackElo "2282"]
[PlyCount "45"]
[EventDate "2002.10.27"]
[EventType "swiss"]
[EventRounds "9"]
[EventCountry "FRA"]
[SourceTitle "EXT 2003"]
[Source "ChessBase"]
[SourceDate "2002.11.25"]
[SourceVersion "1"]
[SourceVersionDate "2002.11.25"]
[SourceQuality "1"]

1. d4 d5 2. c4 dxc4 3. e3 Nf6 4. Bxc4 e6 5. Nf3 a6 6. Bb3 c5 7. 0-0 b5 8. a4 b4 9. Nbd2 Bb7 10. a5 Be7 11. Nc4 0-0 12. Qe2 Nbd7 13. Rd1 Qc7 14. Bd2 Rac8 15. Rdc1 Qb8 16. Nfe5 Rfd8 17. Be1 cxd4 18. exd4 Bd5 19. Ba4 Nxe5 20. Nxe5 Qb7 21. f3 Rxc1 22. Rxc1 Rc8 23. Rxc8+ 1/2-1/2

[Event "Monarch Assurance 11th"]
[Site "Port Erin"]
[Date "2002.10.02"]
[Round "5"]
[White "Fox, Anthony"]
[Black "Marchand, Francois"]
[Result "0-1"]
[WhiteElo "2142"]
[BlackElo "2237"]
[PlyCount "94"]
[EventDate "2002.09.28"]
[EventType "swiss"]
[EventRounds "9"]
[EventCountry "IOM"]
[SourceTitle "CBM 090 Extra"]
[Source "ChessBase"]
[SourceDate "2002.11.07"]
[SourceVersion "1"]
[SourceVersionDate "2002.11.07"]
[SourceQuality "1"]

1. e4 c6 2. d3 d5 3. Nd2 e5 4. Ngf3 Bd6 5. g3 Nf6 6. Bg2 0-0 7. 0-0 Nbd7 8. h3 Qc7 9. b3 a5 10. a4 b6 11. Bb2 Bb7 12. Re1 Rfe8 13. Nh4 Bc5 14. Nf5 Rad8 15. Qe2 dxe4 16. dxe4 g6 17. Ne3 Bd4 18. c3 Bxe3 19. Qxe3 Nc5 20. Ba3 Rd3 21. Qg5 Kg7 22. Nc4 Nxb3 23. Rad1 h6 24. Qxf6+ Kxf6 25. Rxd3 Ba6 26. Rd6+ Re6 27. Rxe6+ Kxe6 28. Bf1 Nc5 29. Bxc5 bxc5 30. Rd1 Ke7 31. Kg2 Bxc4 32. Bxc4 Qb6 33. Be2 Qb2 34. Bg4 h5 35. Bc8 Qxc3 36. Rd7+ Ke8 37. Ra7 Qb4 38. Bd7+ Ke7 39. Bxc6+ Kd6 40. Ra6 c4 41. Bd5+ Kc5 42. Rc6+ Kd4 43. Rxc4+ Qxc4 44. Bxc4 Kxc4 45. f4 Kb4 46. h4 Kxa4 47. f5 Kb4 0-1

[Event "Monarch Assurance 11th"]
[Site "Port Erin"]
[Date "2002.10.01"]
[Round "4"]
[White "Marchand, Francois"]
[Black "Ulybin, Mikhail"]
[Result "0-1"]
[WhiteElo "2237"]
[BlackElo "2589"]
[PlyCount "148"]
[EventDate "2002.09.28"]
[EventType "swiss"]
[EventRounds "9"]
[EventCountry "IOM"]
[SourceTitle "CBM 090 Extra"]
[Source "ChessBase"]
[SourceDate "2002.11.07"]
[SourceVersion "1"]
[SourceVersionDate "2002.11.07"]
[SourceQuality "1"]

1. d4 e6 2. c4 f5 3. g3 Nf6 4. Bg2 c6 5. Nd2 d5 6. Qc2 Bd6 7. Nh3 0-0 8. 0-0 b6 9. Nf3 Ne4 10. Bf4 Bb7 11. Bxd6 Qxd6 12. Rfd1 Nd7 13. Nf4 a5 14. Rac1 Rac8 15. Qb1 Ba6 16. cxd5 exd5 17. Bf1 g5 18. Nd3 f4 19. g4 Qe6 20. Nde5 Nxe5 21. Nxe5 c5 22. h3 Rc7 23. b3 Rfc8 24. Qb2 c4 25. Bg2 c3 26. Qc2 Nd6 27. Bf3 Nf7 28. Qf5 Qxf5 29. gxf5 Bb7 30. h4 h6 31. Bh5 Nd6 32. f6 Rf8 33. f7+ Kg7 34. hxg5 hxg5 35. Rd3 Ne4 36. Bg6 c2 37. f3 Ba6 38. fxe4 Bxd3 39. exd3 Rd8 40. Bf5 dxe4 41. Bxe4 Rxd4 42. Nf3 Rd6 43. Nxg5 Rc5 44. Nh3 Rf6 45. Kf2 Kxf7 46. Kf3 Rh6 47. Nxf4 Rh2 48. Ke3 Ke8 49. Ne2 Rc7 50. d4 Re7 51. Rxc2 Rh3+ 52. Ng3 Rxg3+ 53. Kf4 Rg1 54. Bd3 Rd1 55. Bb5+ Kd8 56. Rc6 Rxd4+ 57. Kf3 Rb7 58. Ke3 Rh4 59. Rd6+ Ke7 60. Rg6 Rb8 61. a4 Rh3+ 62. Ke4 Rxb3 63. Kd5 Rc3 64. Rg7+ Kf6 65. Rd7 Rc5+ 66. Kd6 Re8 67. Rh7 Ree5 68. Rh6+ Kg5 69. Rh8 Red5+ 70. Ke6 Rxb5 71. axb5 Rxb5 72. Kd6 a4 73. Kc6 Rb3 74. Ra8 b5 0-1

[Event "Monarch Assurance 11th"]
[Site "Port Erin"]
[Date "2002.09.29"]
[Round "2"]
[White "Marchand, Francois"]
[Black "Rotstein, Arkadij"]
[Result "1/2-1/2"]
[WhiteElo "2237"]
[BlackElo "2557"]
[PlyCount "116"]
[EventDate "2002.09.28"]
[EventType "swiss"]
[EventRounds "9"]
[EventCountry "IOM"]
[SourceTitle "CBM 090 Extra"]
[Source "ChessBase"]
[SourceDate "2002.11.07"]
[SourceVersion "1"]
[SourceVersionDate "2002.11.07"]
[SourceQuality "1"]

1. d4 Nf6 2. c4 e6 3. Nf3 c5 4. e3 b6 5. Nc3 Bb7 6. d5 exd5 7. cxd5 g6 8. e4 Bg7 9. Bg5 h6 10. Bh4 g5 11. Bg3 Qe7 12. e5 Nh5 13. Nb5 0-0 14. d6 Qe6 15. Nc7 Qg4 16. Be2 Qb4+ 17. Qd2 Nc6 18. Nxa8 Bxa8 19. Qxb4 Nxb4 20. 0-0 Re8 21. Bb5 Nxg3 22. hxg3 Bc6 23. Bxc6 Nxc6 24. Rfe1 g4 25. Nh4 Bxe5 26. Nf5 Re6 27. Rad1 Kh7 28. b3 Kg6 29. Ne3 Bc3 30. Rf1 h5 31. Nd5 Be5 32. Nc7 Rxd6 33. Nb5 Rxd1 34. Rxd1 a6 35. Nd6 Bd4 36. Re1 Nb4 37. Re7 Nxa2 38. Rxd7 Nc1 39. Rb7 b5 40. Rb6 f6 41. Rxa6 b4 42. Kf1 Nxb3 43. Ke2 Be5 44. Nc4 Bc3 45. Kd3 Nd4 46. Nd6 Nf5 47. Ne4 Bd4 48. Kc4 h4 49. gxh4 Nxh4 50. Nxc5 Bxc5 51. Kxc5 Nxg2 52. Kxb4 Nf4 53. Kc4 Nh3 54. Ra2 Kf5 55. Kd5 Kf4 56. Rb2 g3 57. fxg3+ Kxg3 58. Rb3+ Kg4 1/2-1/2

[Event "Monarch Assurance 11th"]
[Site "Port Erin"]
[Date "2002.09.28"]
[Round "1"]
[White "Shepherd, Michael"]
[Black "Marchand, Francois"]
[Result "0-1"]
[WhiteElo "2071"]
[BlackElo "2237"]
[PlyCount "70"]
[EventDate "2002.09.28"]
[EventType "swiss"]
[EventRounds "9"]
[EventCountry "IOM"]
[SourceTitle "CBM 090 Extra"]
[Source "ChessBase"]
[SourceDate "2002.11.07"]
[SourceVersion "1"]
[SourceVersionDate "2002.11.07"]
[SourceQuality "1"]

1. d4 Nf6 2. c4 e5 3. dxe5 Ng4 4. Bf4 Nc6 5. Nf3 Bb4+ 6. Nbd2 Qe7 7. e3 Ngxe5 8. Nxe5 Nxe5 9. Be2 0-0 10. 0-0 Ng6 11. Bg3 Bd6 12. Bxd6 Qxd6 13. Qc2 Qe7 14. c5 d6 15. cxd6 Qxd6 16. Rac1 c6 17. Rfd1 Qe7 18. Nc4 Be6 19. Rd2 Bd5 20. Bd3 Nh4 21. e4 Bxc4 22. Bxc4 Qg5 23. f4 Qxf4 24. Rf1 Qe3+ 25. Kh1 Kh8 26. Rd7 Rad8 27. Rdxf7 Rxf7 28. Rxf7 h5 29. e5 Qxe5 30. Qf2 Rd1+ 31. Bf1 Qg5 32. Rf8+ Kh7 33. Qc2+ Ng6 34. Rf5 Rc1 35. Rxg5 Rxf1# 0-1

[Event "Bratto op 22nd"]
[Site "Bratto"]
[Date "2002.08.28"]
[Round "9"]
[White "Di Paolo, Raffaele"]
[Black "Marchand, Francois"]
[Result "1-0"]
[WhiteElo "2319"]
[BlackElo "2237"]
[PlyCount "91"]
[EventDate "2002.08.20"]
[EventType "swiss"]
[EventRounds "9"]
[EventCountry "ITA"]
[SourceTitle "EXT 2003"]
[Source "ChessBase"]
[SourceDate "2002.11.25"]
[SourceVersion "1"]
[SourceVersionDate "2002.11.25"]
[SourceQuality "1"]

1. e4 c6 2. d4 d5 3. Nc3 dxe4 4. Nxe4 Bf5 5. Ng3 Bg6 6. h4 h6 7. N1e2 e6 8. Nf4 Bh7 9. Bc4 Bd6 10. Ngh5 g6 11. Ng3 Nf6 12. Qe2 Qe7 13. Bd2 Nbd7 14. 0-0-0 0-0-0 15. Nd3 Qf8 16. Ne5 Nd5 17. f4 g5 18. hxg5 hxg5 19. fxg5 Nxe5 20. dxe5 Bb4 21. Bxd5 Bxd2+ 22. Rxd2 cxd5 23. Qf3 Bg6 24. Rxh8 Qxh8 25. Qe3 Kb8 26. b3 Rc8 27. Kb2 Qh7 28. c3 Qh4 29. Rd4 Qh2 30. Qf2 Qh7 31. Qe3 Qh2 32. Rd2 Qh4 33. Rf2 Qg4 34. Ne2 Rh8 35. Qf4 Qh5 36. Nd4 Qd1 37. Qc1 Rh1 38. Qd2 Qb1+ 39. Ka3 a5 40. Nb5 Rh4 41. Rf4 Rxf4 42. Qxf4 Qd3 43. c4 dxc4 44. Qf2 cxb3 45. Qa7+ Kc8 46. Nd6+ 1-0

[Event "Bratto op 22nd"]
[Site "Bratto"]
[Date "2002.08.22"]
[Round "3"]
[White "Marchand, Francois"]
[Black "Bellini, Fabio"]
[Result "1-0"]
[WhiteElo "2237"]
[BlackElo "2500"]
[PlyCount "81"]
[EventDate "2002.08.20"]
[EventType "swiss"]
[EventRounds "9"]
[EventCountry "ITA"]
[SourceTitle "EXT 2003"]
[Source "ChessBase"]
[SourceDate "2002.11.25"]
[SourceVersion "1"]
[SourceVersionDate "2002.11.25"]
[SourceQuality "1"]

1. d4 g6 2. c4 Bg7 3. Nf3 d6 4. g3 e5 5. Nc3 Nd7 6. Bg2 Ne7 7. 0-0 0-0 8. e4 exd4 9. Nxd4 Ne5 10. b3 c6 11. h3 f5 12. Be3 Nf7 13. Rc1 fxe4 14. Nxe4 d5 15. Ng5 Nxg5 16. Bxg5 h6 17. Be3 c5 18. Ne2 d4 19. Bd2 g5 20. b4 Nc6 21. bxc5 Ne5 22. Bb4 a5 23. Ba3 Rf3 24. Bxf3 Nxf3+ 25. Kg2 Qd7 26. Ng1 Nxg1 27. Kxg1 d3 28. Qf3 Qc6 29. Qxd3 Bxh3 30. Qd5+ Kh7 31. Qxc6 bxc6 32. Rfe1 Rf8 33. Re7 Kg6 34. Rd1 Rf3 35. Rd6+ Bf6 36. Re3 Rxe3 37. fxe3 Kf5 38. Rxc6 Be5 39. Rxh6 Kg4 40. c6 Kxg3 41. Bd6 1-0

[Event "Bratto op 22nd"]
[Site "Bratto"]
[Date "2002.08.20"]
[Round "1"]
[White "Marchand, Francois"]
[Black "Marinelli, Gian Marco"]
[Result "1-0"]
[WhiteElo "2237"]
[BlackElo "2060"]
[PlyCount "55"]
[EventDate "2002.08.20"]
[EventType "swiss"]
[EventRounds "9"]
[EventCountry "ITA"]
[SourceTitle "EXT 2003"]
[Source "ChessBase"]
[SourceDate "2002.11.25"]
[SourceVersion "1"]
[SourceVersionDate "2002.11.25"]
[SourceQuality "1"]

1. d4 Nf6 2. c4 g6 3. Nc3 Bg7 4. e4 d6 5. Nf3 0-0 6. Be2 e5 7. 0-0 Nc6 8. d5 Ne7 9. Ne1 Nd7 10. Be3 f5 11. f3 f4 12. Bf2 g5 13. Rc1 Nf6 14. c5 Bd7 15. Qb3 g4 16. c6 g3 17. hxg3 fxg3 18. Bxg3 Nh5 19. Bh4 Bh6 20. f4 Nxf4 21. cxd7 Nxe2+ 22. Nxe2 Rxf1+ 23. Kxf1 Qf8+ 24. Kg1 Bxc1 25. Nxc1 Rd8 26. Qg3+ Kh8 27. Qg4 Qf7 28. Qe6 1-0

[Event "Paris NAO Masters 2nd"]
[Site "Paris"]
[Date "2002.05.15"]
[Round "3"]
[White "Marchand, Francois"]
[Black "Guidarelli, Laurent"]
[Result "0-1"]
[WhiteElo "2259"]
[BlackElo "2366"]
[PlyCount "72"]
[EventDate "2002.05.13"]
[EventType "tourn"]
[EventRounds "9"]
[EventCountry "FRA"]
[EventCategory "5"]
[SourceTitle "CBM 088 Extra"]
[Source "ChessBase"]
[SourceDate "2002.07.01"]
[SourceVersion "2"]
[SourceVersionDate "2002.07.01"]
[SourceQuality "1"]

1. d4 Nf6 2. c4 c5 3. d5 b5 4. cxb5 a6 5. bxa6 g6 6. Nc3 Bxa6 7. e4 Bxf1 8. Kxf1 d6 9. Nf3 Bg7 10. g3 Nbd7 11. h3 0-0 12. Kg2 Ra6 13. Re1 Qa8 14. Bf4 h6 15. Qc2 g5 16. Bd2 e6 17. Rad1 Nb6 18. dxe6 fxe6 19. Bxg5 hxg5 20. Nxg5 Nbd7 21. Nxe6 Rc8 22. g4 Nf8 23. Nf4 Qb7 24. g5 N6d7 25. Ncd5 Ne5 26. b3 Qf7 27. Qe2 Ra7 28. h4 Nfg6 29. Nxg6 Nxg6 30. Qg4 Rf8 31. Rd2 Qf3+ 32. Qxf3 Nxh4+ 33. Kf1 Nxf3 34. Red1 Nxd2+ 35. Rxd2 Be5 36. Ke2 Rg7 0-1